Digital photography Q & A : (Record no. 104583)

MARC details
000 -LEADER
campo de control de longitud fija 02825cam a22005654a 4500
001 - NÚMERO DE CONTROL
campo de control 102976
005 - FECHA Y HORA DE LA ÚLTIMA TRANSACCIÓN
campo de control 20230411085615.0
008 - DATOS DE LONGITUD FIJA--INFORMACIÓN GENERAL
campo de control de longitud fija 050322s2006 nyua 001 0 eng
010 ## - NÚMERO DE CONTROL DE LA BIBLIOTECA DEL CONGRESO
Número de control de LC 2005008143
035 ## - NÚMERO DE CONTROL DEL SISTEMA
Número de control de sistema (OCoLC)ocm58721182
040 ## - FUENTE DE CATALOGACIÓN
Centro catalogador/agencia de origen DLC
Lengua de catalogación eng
Centro/agencia transcriptor DLC
Centro/agencia modificador QBX
-- BAKER
-- UKM
-- BTCTA
-- OCLCG
-- CQU
-- IG#
-- OCLCQ
-- WSDBL
-- OCLCQ
015 ## - NÚMERO DE BIBLIOGRAFÍA NACIONAL
Número de bibliografía nacional GBA582769
Fuente bnb
016 7# - NÚMERO DE CONTROL DE UNA AGENCIA BIBLIOGRÁFICA NACIONAL
Número de control del registro 013302196
Fuente Uk
019 ## -
-- 61757568
020 ## - NÚMERO INTERNACIONAL ESTÁNDAR DEL LIBRO
Número Internacional Estándar del Libro 157990663X (pbk.)
020 ## - NÚMERO INTERNACIONAL ESTÁNDAR DEL LIBRO
Número Internacional Estándar del Libro 9781579906634 (pbk.)
029 1# - OTRO NÚMERO DE CONTROL DE SISTEMA (OCLC)
Identificador de la biblioteca OCLC UKSLA
Número de control de sistema 157990663x
035 ## - NÚMERO DE CONTROL DEL SISTEMA
Número de control de sistema (OCoLC)58721182
Número de control cancelado/no válido (OCoLC)61757568
037 ## - FUENTE DE ADQUISICIÓN
Número de adquisición 1249954
Fuente del número de adquisición QBI
042 ## - CÓDIGO DE AUTENTICACIÓN
Código de autenticación pcc
050 14 - SIGNATURA TOPOGRÁFICA DE LA BIBLIOTECA DEL CONGRESO
Número de clasificación TR 267
Número de ítem D257d 2006
082 00 - NÚMERO DE LA CLASIFICACIÓN DECIMAL DEWEY
Número de clasificación 778
049 ## - FONDOS LOCALES (OCLC)
Biblioteca depositaria GRAL
100 1# - ENTRADA PRINCIPAL--NOMBRE DE PERSONA
Nombre de persona Davies, Paul,
Fechas asociadas al nombre 1950-
245 10 - MENCIÓN DEL TÍTULO
Título Digital photography Q & A :
Resto del título great tips & hints from a top pro /
Mención de responsabilidad, etc. Paul Harcourt Davies.
246 3# - FORMA VARIANTE DEL TITULO
Título propio/Titulo breve Digital photography question and answer
250 ## - MENCION DE EDICION
Mención de edición 1st ed.
260 ## - PUBLICACIÓN, DISTRIBUCIÓN, ETC.
Lugar de publicación, distribución, etc. New York :
Nombre del editor, distribuidor, etc. Lark Books,
Fecha de publicación, distribución, etc. c2006.
300 ## - DESCRIPCIÓN FÍSICA
Extensión 144 p. :
Otras características físicas col. ill. ;
Dimensiones 27 cm.
490 1# - MENCIÓN DE SERIE
Mención de serie A Lark photography book
500 ## - NOTA GENERAL
Nota general Includes index.
505 0# - NOTA DE CONTENIDO CON FORMATO
Nota de contenido con formato Understanding your digital camera -- Taking digital photos -- From camera to computer.
520 0# - RESUMEN, ETC.
Sumario, etc. "Despite the explosive popularity of the new technology, many photographers still have trouble deciphering the jargon and using their cameras effectively. With its wonderfully easy question-and-answer format, this manual offers the information digital photographers seek. Everything is covered, from understanding the actual camera to outputting and storing images. It explains how to take great close-ups, use both the zoom and focusing features, shoot creatively at night and in low light, and find the right techniques to capture a range of different subjects (people, animals, landscape, action). Photographers who have this guide by their side will be in the know and ready to take full advantage of their cameras"--Publisher's description.
650 #0 - PUNTO DE ACCESO ADICIONAL DE MATERIA--TÉRMINO DE MATERIA
Término de materia o nombre geográfico como elemento de entrada Photography
Subdivisión general Digital techniques
Subdivisión de forma Miscellanea.
650 #4 - PUNTO DE ACCESO ADICIONAL DE MATERIA--TÉRMINO DE MATERIA
Término de materia o nombre geográfico como elemento de entrada Fotografía digital.
650 #4 - PUNTO DE ACCESO ADICIONAL DE MATERIA--TÉRMINO DE MATERIA
Término de materia o nombre geográfico como elemento de entrada Procesamiento de imágenes.
650 #4 - PUNTO DE ACCESO ADICIONAL DE MATERIA--TÉRMINO DE MATERIA
Término de materia o nombre geográfico como elemento de entrada Visión por computador.
650 #4 - PUNTO DE ACCESO ADICIONAL DE MATERIA--TÉRMINO DE MATERIA
Término de materia o nombre geográfico como elemento de entrada Cámaras fotográficas digitales.
650 #4 - PUNTO DE ACCESO ADICIONAL DE MATERIA--TÉRMINO DE MATERIA
Término de materia o nombre geográfico como elemento de entrada Fotografía digital
Subdivisión de forma Preguntas y respuestas
-- Teorías.
830 #0 - PUNTO DE ACCESO ADICIONAL DE SERIE-TÍTULO UNIFORME
Título uniforme Lark photography book.
856 41 - LOCALIZACIÓN Y ACCESO ELECTRÓNICOS
Materiales especificados Table of contents
Identificador Uniforme de Recursos <a href="http://catdir.loc.gov/catdir/toc/ecip0510/2005008143.html">http://catdir.loc.gov/catdir/toc/ecip0510/2005008143.html</a>
856 42 - LOCALIZACIÓN Y ACCESO ELECTRÓNICOS
Materiales especificados Publisher description
Identificador Uniforme de Recursos <a href="http://catdir.loc.gov/catdir/enhancements/fy0622/2005008143-d.html">http://catdir.loc.gov/catdir/enhancements/fy0622/2005008143-d.html</a>
938 ## -
-- Quality Books, Inc.
-- QUAL
-- a 05008143
938 ## -
-- Baker and Taylor
-- BTCP
-- 2005008143
938 ## -
-- Baker & Taylor
-- BKTY
-- 19.95
-- 14.96
-- 157990663X
-- 0006148880
-- active
-- B&T Title: Digital Photographer's Problem Solver
938 ## -
-- Ingram
-- INGR
-- 9781579906634
942 ## - ELEMENTOS DE ENTRADA SECUNDARIOS (KOHA)
Fuente del sistema de clasificación o colocación Clasificación de Library of Congress
Tipo de ítem Koha
994 ## -
-- C0
-- DRFGD
946 ## - PROCESAMIENTO DE INFORMACIÓN LOCAL (OCLC)
a nc
Holdings
Estatus retirado Estado de pérdida Fuente del sistema de clasificación o colocación Estado de daño No para préstamo Colección Biblioteca de origen Biblioteca actual Ubicación en estantería Fecha de adquisición Signatura topográfica completa Código de barras Visto por última vez Copia número Tipo de ítem Koha
    Clasificación de Library of Congress     Colección de Tecnología Biblioteca Juan Bosch Biblioteca Juan Bosch Humanidades (4to. Piso) 11/04/2023 TR 267 D257d 2006 00000097527 21/01/2019 1